000 00567nam a2200217Ia 4500
003 OSt
005 20220928140723.0
006 a|||||r|||| 00| 0
007 ta
008 220927b |||||||| |||| 00| 0 eng d
024 _a11366
037 _cTextual
040 _aSDCL
_cSDCL
_beng
041 _2eng
_aeng
082 _aB281N07, M4
100 _aNummelin Esa
_9497283
245 0 _aGeneral irreducible Markov chains and non-negative operators.
260 _c1994
942 _hB281N07, M4
_cTEXL
_2CC
999 _c813796
_d813796